000
00278nam a22001217a 4500
020
_a
9781474836357
082
_a
813.6
_b
VAU
100
_a
Vaughan ,Charlene
245
_a
Finding dory
260
_a
UK
_b
Parragon books,
_c
2016.
563
_a
HB
942
_2
ddc
_c
CHILD_SEC
999
_c
614880
_d
614880